Relatos de viajeros /

Guardado en:
Autor Principal: Sagan, Carl.
Formato: Deslizar
Series:Cosmos. Edición especial
Materias:
Etiquetas: Agregar Etiqueta
Sin Etiquetas, Sea el primero en etiquetar este registro!
LEADER 01082ngm a22002895g 4500
001 CEM.cems021805
008 130507b1995##################0###0#####d
005 20240913160238.0
245 1 0 |a Relatos de viajeros /  |c Carl Sagan. 
300 |a 27 
490 0 |a Cosmos. Edición especial 
500 |a En soporte VHS, consultar en ventanilla. 
505 0 |a Historia de los viajes de exploración. Holanda: exploraciones del siglo XVII. C.Huygens: observaciones astronómicas. Misión espacial Voyager. El satélite "IO". Diario de un viaje espacial. Saturno, Júpiter, Urano. 
538 |a Soporte: VHS - Norma: Pal N - Color - Grabación DRD 1995 - Hitachi=4940 
100 1 |a Sagan, Carl. 
082 5 2 |/ SAG-1 
653 |a ASTRONOMIA 
653 |a HISTORIA 
653 |a EUROPA-HISTORIA 
653 |a VIAJES ESPACIALES 
653 |a HISTORIA MODERNA 
653 |a COSMOS 
653 |a EXPLORACIONES 
653 |a OBSERVACIONES ASTRONOMICAS 
653 |a NIVEL PRIMARIO 
653 |a NIVEL SECUNDARIO 
859 |a CEMS  |b BIB. CEMS - Depto. Recursos Didacticos  |h 520  |i SAG-1  |k DRD  |p 448.12  |t Ej.1